| 000 | 00695cam a22001934a 4500 | ||
|---|---|---|---|
| 005 | 20250605164023.0 | ||
| 008 | 250528s ||||||||||||||||||||||||d | ||
| 035 | _a16429 | ||
| 020 | _a9604311689 | ||
| 040 |
_aGR-AtMCL _bgre _dGR-AtMCL _eAACR2 |
||
| 245 | 1 | _aΑνάλυση / Διαφορικός Λογισμός | |
| 260 |
_bΖήτη, _c1994 |
||
| 300 | _a280 | ||
| 520 | _aΣυνοπτική Θεωρία - Μεθοδολογία - 550 Λυμένα Παραδείγματα - 1100 Ασκήσεις με τις Απαντήσεις τους - Ασκήσεις Επανάληψης. | ||
| 700 | 1 |
_aΞένος Θανάσης Π _92518 |
|
| 942 | _cBK | ||
| 999 |
_c1929 _d1929 |
||